[Event "AUTO-INT-1335"]
[Site "http://www.queenalice.com/game.php?id=599328"]
[Date "2009.6.6"]
[Round "1"]
[White "marioandre123"]
[Black "julioisdi"]
[Result "0-1"]
[WhiteElo "1410"]
[BlackElo "1637"]

1. e4 e5 2. Nf3 d5 3. Nxe5 dxe4 4. Bc4 Be6 5. Bxe6 fxe6 6. Nc3 Qd4 7. Ng4 Nf6 8.
Nxf6+ gxf6 9. Nb5 Qc5 10. Qe2 f5 11. b4 Qc6 12. Qh5+ Kd7 13. Qf7+ Kc8 14. Nd4
Qd6 15. c3 Nc6 16. Nxc6 Qxc6 17. d4 Qxc3+ 0-1

[Event "AUTO-INT-1335"]
[Site "http://www.queenalice.com/game.php?id=599329"]
[Date "2009.6.6"]
[Round "1"]
[White "julioisdi"]
[Black "marioandre123"]
[Result "1-0"]
[WhiteElo "1665"]
[BlackElo "1437"]

1. e4 e5 2. Nf3 Nc6 3. Bb5 Nf6 4. Bxc6 dxc6 5. Nxe5 Nxe4 6. Qf3 Qf6 7. Qxe4 Bc5
8. Nxc6+ Be6 9. d4 Bd6 10. Na5 Bb4+ 11. Bd2 Bxa5 12. Bxa5 b6 13. Bxb6 O-O 14.
Bxc7 Bd7 15. O-O Rfe8 16. Be5 Qb6 17. d5 f6 18. Bd4 Rxe4 19. Bxb6 axb6 20. Nc3
Rc4 21. a3 Bb5 22. Nxb5 Ra5 23. Nd6 Rxc2 24. Rac1 Rxc1 25. Rxc1 Kf8 26. Rc8+ Ke7
27. Nf5+ Kd7 28. Rc1 Rxd5 29. Nxg7 Ke7 30. g4 Rd2 31. b4 Ra2 32. Rc6 Rxa3 33.
Rxb6 Ra1+ 34. Kg2 Kf8 35. Nh5 1-0

[Event "Challenge"]
[Site "http://www.queenalice.com/game.php?id=616208"]
[Date "2009.7.9"]
[Round "-"]
[White "marioandre123"]
[Black "cardosorafael"]
[Result "0-1"]
[WhiteElo "1445"]
[BlackElo "1892"]

1. e4 e5 2. Nf3 Nc6 3. Nc3 Nf6 4. Bb5 a6 5. Bxc6 dxc6 6. d3 Bg4 7. Bg5 Be7 8.
O-O Qd6 9. h3 Bh5 10. d4 Bxf3 11. Qxf3 Qxd4 12. Rfd1 Qc4 13. b3 Qe6 14. a4 O-O
15. g3 Qxh3 16. Rd3 Ng4 17. Qg2 Qxg2+ 18. Kxg2 Bxg5 19. Rd7 Rad8 20. Rxd8 Rxd8
21. f3 Ne3+ 22. Kf2 Nxc2 23. Rc1 Nd4 24. b4 Bxc1 25. Na2 Bh6 0-1

[Event "Challenge"]
[Site "http://www.queenalice.com/game.php?id=622577"]
[Date "2009.7.21"]
[Round "-"]
[White "marioandre123"]
[Black "Andreu"]
[Result "0-1"]
[WhiteElo "1461"]
[BlackElo "1962"]

1. e4 e5 2. Nf3 d6 3. Nc3 Nf6 4. Bc4 h6 5. O-O Be7 6. d3 O-O 7. b3 a6 8. a4 a5
9. Nd5 c6 10. Nxf6+ Bxf6 11. Be3 d5 12. exd5 cxd5 13. Bb5 e4 14. dxe4 Bxa1 15.
Qxa1 dxe4 16. Nd4 Bd7 17. Rd1 Bg4 18. f3 exf3 19. gxf3 Qe7 20. Re1 Be6 21. Nxe6
fxe6 22. Bd2 Rf6 23. Bd3 Nc6 24. c3 Ne5 25. Rxe5 Rxf3 26. Be2 Rf6 27. Bd3 b6 28.
c4 Raf8 29. Qc1 Qd6 30. Qc3 Qc6 31. Be4 Qd6 32. c5 bxc5 33. Rxc5 Rf1+ 34. Kg2
R1f2+ 35. Kh1 Qxh2# 0-1

[Event "Let's Play Chess!"]
[Site "http://www.queenalice.com/game.php?id=624875"]
[Date "2009.7.26"]
[Round "-"]
[White "marioandre123"]
[Black "alesciulli"]
[Result "1-0"]
[WhiteElo "1479"]
[BlackElo "1908"]

1. e4 e5 2. Nf3 Nc6 3. Nc3 Bb4 4. Nd5 Bc5 5. c3 d6 6. a4 a5 7. Bb5 Bd7 8. O-O
Nf6 9. Nxf6+ Qxf6 10. Bxc6 Bxc6 11. d4 Bb6 12. Be3 Bxe4 13. Ng5 h6 14. Nxe4 Qg6
15. Ng3 f5 16. Nh5 f4 17. Bd2 Rf8 18. dxe5 Rf5 19. Nxf4 Qf7 20. e6 Qf6 21. Nh5
Qg6 22. Ng3 Rf6 23. Ne2 Rxe6 24. Nf4 Qf5 25. Nxe6 1-0

[Event "Let's Play Chess!"]
[Site "http://www.queenalice.com/game.php?id=627065"]
[Date "2009.7.30"]
[Round "-"]
[White "Murderface"]
[Black "marioandre123"]
[Result "1-0"]
[WhiteElo "1536"]
[BlackElo "1509"]

1. e4 e5 2. d4 Nc6 3. d5 Nce7 4. Nf3 d6 5. h3 Nf6 6. Nc3 c6 7. Bg5 cxd5 8. Bxf6
gxf6 9. exd5 Bh6 10. Bb5+ Bd7 11. Bxd7+ Qxd7 12. O-O Nf5 13. Re1 Kf8 14. Ne4 Qd8
15. Nh2 Rg8 16. Qh5 Bg5 17. Qxh7 Qd7 18. Nf3 Rh8 19. Qxh8+ 1-0

[Event "Challenge"]
[Site "http://www.queenalice.com/game.php?id=627080"]
[Date "2009.7.30"]
[Round "-"]
[White "RJGF"]
[Black "marioandre123"]
[Result "1-0"]
[WhiteElo "1923"]
[BlackElo "1506"]

1. e4 e5 2. d4 c6 3. Nf3 Bd6 4. dxe5 Bc5 5. Nc3 Bb4 6. Bd2 Nh6 7. a3 Bxc3 8.
Bxc3 O-O 9. Bc4 b5 10. Bd3 d6 11. exd6 Be6 12. e5 Ng4 13. O-O Qd7 14. h3 g6 15.
hxg4 Bxg4 16. Be4 f5 17. exf6 Qe6 18. Re1 Nd7 19. Bxc6 Rad8 20. Bd5 Qxd5 21.
Qxd5+ Kh8 22. f7+ 1-0

[Event "jeudes2"]
[Site "http://www.queenalice.com/game.php?id=630027"]
[Date "2009.8.4"]
[Round "-"]
[White "jeudes2"]
[Black "marioandre123"]
[Result "1-0"]
[WhiteElo "1890"]
[BlackElo "1488"]

1. e4 e5 2. Nf3 Nc6 3. Bb5 Nd4 4. Nxd4 exd4 5. d3 c6 6. Ba4 b5 7. Bb3 Nf6 8. O-O
Bc5 9. Bg5 h6 10. Bh4 a5 11. e5 g5 12. exf6 gxh4 13. Re1+ Kf8 14. a4 Qxf6 15.
Nd2 Qg6 16. Qe2 h3 17. g3 d5 18. axb5 cxb5 19. Qe8+ Kg7 20. Qe5+ Kh7 21. Bxd5
Ra6 22. Be4 f5 23. Qc7+ Qg7 24. Qxc5 fxe4 25. Rxe4 Re6 26. Rxd4 Rhe8 27. Ne4 Bb7
28. Qxb5 Qxd4 29. Qxb7+ R6e7 30. Qc6 Qxb2 31. Re1 Qe5 32. f4 Qf5 33. Kf2 Rb8 34.
Nf6+ 1-0

[Event "Challenge"]
[Site "http://www.queenalice.com/game.php?id=637300"]
[Date "2009.8.15"]
[Round "-"]
[White "marioandre123"]
[Black "Lesser"]
[Result "0-1"]
[WhiteElo "1504"]
[BlackElo "1973"]

1. e4 e5 2. Nf3 Nc6 3. Bc4 h6 4. h4 Nf6 5. Nc3 Bc5 6. d3 d6 7. Nh2 Nd4 8. Be3
O-O 9. Bxd4 Bxd4 10. Nd5 c6 11. Nb4 a5 12. c3 Bxf2+ 13. Kf1 axb4 14. Kxf2 bxc3
15. bxc3 Qb6+ 16. Kf3 Be6 17. Bxe6 fxe6 18. Ke2 Qb2+ 19. Ke3 Nd5+ 20. exd5 Qf2+
21. Ke4 exd5# 0-1

[Event "Challenge"]
[Site "http://www.queenalice.com/game.php?id=643428"]
[Date "2009.8.27"]
[Round "-"]
[White "marioandre123"]
[Black "Torfi"]
[Result "0-1"]
[WhiteElo "1502"]
[BlackElo "1990"]

1. e4 e5 2. Nf3 Nc6 3. Bb5 a6 4. Bxc6 dxc6 5. Nc3 f6 6. O-O b5 7. d3 Bc5 8. Qe2
Bb7 9. Be3 Bd4 10. Nxd4 exd4 0-1

[Event "Challenge"]
[Site "http://www.queenalice.com/game.php?id=644416"]
[Date "2009.8.29"]
[Round "-"]
[White "marioandre123"]
[Black "Bernobr"]
[Result "0-1"]
[WhiteElo "1487"]
[BlackElo "2003"]

1. e4 c5 2. Nf3 Nc6 3. Bc4 d6 4. h3 a6 5. a4 Nf6 6. Nc3 g6 7. d3 Bg7 8. Nd5 e6
9. Nxf6+ Qxf6 10. O-O O-O 11. Be3 Qxb2 0-1

[Event "Challenge"]
[Site "http://www.queenalice.com/game.php?id=644418"]
[Date "2009.8.29"]
[Round "-"]
[White "marioandre123"]
[Black "NandoBg"]
[Result "0-1"]
[WhiteElo "1504"]
[BlackElo "1963"]

1. e4 Nf6 2. Nc3 e5 3. Nf3 Nc6 4. Bb5 Bc5 5. Bxc6 dxc6 6. b3 Bg4 7. h3 Bxf3 8.
Qxf3 Qd4 9. O-O O-O-O 10. Bb2 Qxd2 11. Qf5+ Kb8 12. Qxe5 Bd4 13. Qa5 Nxe4 14.
Rae1 Bxf2+ 15. Rxf2 Qxf2+ 16. Kh2 Qg3+ 17. Kh1 Qxe1+ 18. Kh2 Qg3+ 19. Kg1 Rd2
20. Nxe4 Qxg2# 0-1

[Event "Let's Play Chess!"]
[Site "http://www.queenalice.com/game.php?id=644426"]
[Date "2009.8.29"]
[Round "-"]
[White "marioandre123"]
[Black "chesspool"]
[Result "0-1"]
[WhiteElo "1500"]
[BlackElo "1679"]

1. e4 Nf6 2. Nc3 d5 3. e5 Ne4 4. b3 Nxc3 5. dxc3 Nc6 6. Nf3 Bg4 7. h3 Bxf3 8.
Qxf3 Nxe5 9. Qe3 Qd6 10. c4 g6 11. Qd4 Bg7 12. Bf4 Qb4+ 13. Bd2 Qd6 14. c5 Nf3+
15. gxf3 Bxd4 16. cxd6 Bxa1 17. dxc7 Rc8 18. Bb5+ Kf8 19. Ke2 Bg7 20. c4 Rxc7
21. Rb1 a6 0-1

[Event "Challenge"]
[Site "http://www.queenalice.com/game.php?id=644450"]
[Date "2009.8.29"]
[Round "-"]
[White "Murderface"]
[Black "marioandre123"]
[Result "1-0"]
[WhiteElo "1684"]
[BlackElo "1489"]

1. e4 e5 2. d4 Nc6 3. Nf3 exd4 4. c3 dxc3 5. Bc4 cxb2 6. Bxb2 Bc5 7. O-O Nf6 8.
Bxf6 Qxf6 9. Nbd2 Ne5 10. Nxe5 Qxe5 11. Nf3 Qf6 12. e5 Qf5 13. Bd3 Qe6 14. Ng5
1-0